000 00526nam a2200181Ia 4500
003 GCL
008 140319s9999 xx 000 0 ara d
040 _aGCL /
_cGCL
082 0 4 _a813.009
_bا م
100 1 _aالسعيد الورقى
245 1 0 _aمفهوم الواقعية فى القصة القصيرة /
_cالسعيد الورقى
300 _a198
490 _aكتاب
_v0
650 0 4 _aالادب العربى
650 0 4 _aالقصص العربية
650 0 4 _aالقصص القصيرة
942 _2ddc
_cBK
999 _c41222
_d41222